Výrobní procesy a zařízení v technologii silikátů (keramika a maltoviny) I část

Bibliographic Details
Main Author: Špičák, Karel (Author)
Format: Book
Language:Undetermined
PhysicalDescription:268 s.
Published: Praha Státní nakladatelství technické literatury 1984
Edition:1. čes. vyd.

MARC

LEADER 00000nam a2200000 a 4500
001 vtls001463025
003 SK-MaSNL
005 20260301014405.0
008 240314s1984 xx 0 und
035 |a SNK000418331 
040 |a SNK  |b slo  |c SNK  |e AACR2 
100 1 |a Špičák, Karel  |4 aut  |9 302596 
245 1 0 |a Výrobní procesy a zařízení v technologii silikátů  |b (keramika a maltoviny)  |n I část 
250 |a 1. čes. vyd. 
260 |a Praha  |b Státní nakladatelství technické literatury  |c 1984 
300 |a 268 s. 
958 |a OND 
999 |c 558495  |d 560425 
952 |t P60, <04>, [BOOK], {604}  |a SNK  |b SNK  |y VYP  |7 0  |p 17A0402619  |o snkIB 16484/1  |i snkKIP 10703/64  |0 0  |1 0  |4 0  |d 2003-11-10  |l 0  |r 2005-01-02 00:00:00  |w 2026-02-23